[Event "Moscow-chT U26 final"]
[Site "Moscow"]
[Date "2010.11.21"]
[Round "6"]
[White "Kapov, Albert"]
[Black "Krylov, Mikhail"]
[Result "0-1"]
[WhiteElo "2187"]
[BlackElo "2516"]
[PlyCount "168"]
[EventDate "2010.11.07"]
[EventType "team-tourn"]
[EventRounds "9"]
[EventCountry "RUS"]
[SourceTitle "EXT 2012"]
[Source "ChessBase"]
[SourceDate "2011.11.24"]
[SourceVersion "1"]
[SourceVersionDate "2011.11.24"]
[SourceQuality "1"]

1. c4 g6 2. g3 Bg7 3. Bg2 c5 4. e3 Nc6 5. Ne2 e5 6. Nbc3 Nge7 7. 0-0 0-0 8. d3 d6 9. a3 Be6 10. Nd5 Qd7 11. Qa4 Nxd5 12. cxd5 Nd4 13. Qd1 Nxe2+ 14. Qxe2 Bg4 15. f3 Bh3 16. Bxh3 Qxh3 17. e4 a5 18. Bg5 Qd7 19. a4 b5 20. Qc2 f5 21. axb5 f4 22. g4 h6 23. Bh4 g5 24. Be1 Qxb5 25. Ra4 Rfb8 26. Bc3 Bf6 27. Rfa1 Bd8 28. Qd2 Bb6 29. Kf1 Ra7 30. R1a3 h5 31. gxh5 Qe8 32. Qg2 Qxh5 33. Be1 Bd8 34. Kg1 Rg7 35. h3 Rh7 36. Bxa5 Qxh3 37. Bc3 Qc8 38. Qg4 Qxg4+ 39. fxg4 Bb6 40. Ra8 Rhb7 41. Kg2 Kf7 42. Rxb8 Rxb8 43. Ra1 Ke8 44. Rh1 Bd8 45. Rh7 Ra8 46. Rh6 Kd7 47. Rh7+ Be7 48. Rh1 Ra4 49. Kf3 Ra2 50. Rc1 Ke8 51. Rh1 Kf8 52. Rc1 Ra4 53. Rh1 Kg7 54. Rc1 Bd8 55. Rh1 Ba5 56. Rh5 Kg6 57. Rh8 Bxc3 58. bxc3 c4 59. dxc4 Rxc4 60. Rd8 Rxc3+ 61. Kf2 Re3 62. Rxd6+ Kf7 63. Rd7+ Ke8 64. Rg7 Rxe4 65. Rxg5 Kd7 66. Rf5 Kd6 67. g5 Re3 68. Rf8 Kxd5 69. g6 Rg3 70. Rg8 Ke6 71. Re8+ Kf6 72. Rf8+ Kxg6 73. Rg8+ Kf5 74. Rf8+ Ke4 75. Ra8 Rd3 76. Ra4+ Rd4 77. Ra2 Rb4 78. Re2+ Kf5 79. Ra2 e4 80. Ra8 Rb2+ 81. Kf1 e3 82. Ra5+ Kg4 83. Ra3 Kf3 84. Ra1 Rh2 0-1

[Event "RUS-chB U18"]
[Site "Dagomys"]
[Date "2009.04.21"]
[Round "7"]
[White "Kapov, Albert"]
[Black "Purygin, Andrei"]
[Result "1-0"]
[WhiteElo "2197"]
[BlackElo "2261"]
[PlyCount "99"]
[EventDate "2009.04.15"]
[EventType "swiss"]
[EventRounds "9"]
[EventCountry "RUS"]
[SourceTitle "EXT 2010"]
[Source "ChessBase"]
[SourceDate "2010.11.25"]
[SourceVersion "1"]
[SourceVersionDate "2010.11.25"]
[SourceQuality "1"]

1. c4 e6 2. g3 d5 3. cxd5 exd5 4. Bg2 Nf6 5. Nf3 Bd6 6. 0-0 0-0 7. d3 c5 8. Nbd2 Nc6 9. e4 d4 10. Nc4 Be7 11. Nfe5 Nxe5 12. Nxe5 Qc7 13. Nc4 Be6 14. a4 Rad8 15. Ra3 Ng4 16. Bf4 Qd7 17. h3 Nf6 18. Kh2 Ne8 19. b3 f5 20. Re1 fxe4 21. Bxe4 Nf6 22. Ra2 Nxe4 23. Rxe4 Bd5 24. Re1 Rf5 25. Ne5 Qe6 26. Rb2 g5 27. Ng4 Qg6 28. Rxe7 gxf4 29. Qe1 h5 30. Ne5 Qg5 31. Nd7 Bf7 32. h4 Qh6 33. Qe4 Qd6 34. Qxf5 Qxe7 35. Nf6+ Kf8 36. Qxf4 Qe6 37. Nh7+ Kg7 38. Qg5+ Kxh7 39. Qxd8 Bg6 40. Qc7+ Kg8 41. Qxc5 Bxd3 42. Qxd4 Bf1 43. Kg1 Qh3 44. Qd5+ Kf8 45. Qxb7 Bd3 46. Qf3+ Bf5 47. Rc2 Kg7 48. Rc7+ Kh6 49. Qf4+ Kg6 50. Qg5# 1-0

[Event "Anapa op"]
[Site "Anapa"]
[Date "2007.09.??"]
[Round "9"]
[White "Kapov, Albert"]
[Black "Pudovkin, Dmitry"]
[Result "0-1"]
[WhiteElo "2101"]
[BlackElo "2337"]
[PlyCount "98"]
[EventDate "2007.09.??"]
[EventType "swiss"]
[EventRounds "9"]
[EventCountry "RUS"]
[SourceTitle "EXT 2009"]
[Source "ChessBase"]
[SourceDate "2008.11.26"]
[SourceVersion "1"]
[SourceVersionDate "2008.11.26"]
[SourceQuality "1"]

1. e4 c5 2. Nf3 e6 3. d4 cxd4 4. Nxd4 a6 5. Bd3 Qc7 6. Nc3 Nf6 7. a3 b5 8. 0-0 Bb7 9. Qe2 d6 10. Be3 Be7 11. f4 Nbd7 12. g4 Nc5 13. Qf3 0-0 14. g5 Nfd7 15. Qh5 g6 16. Qh4 Nxd3 17. cxd3 e5 18. Nf5 gxf5 19. Rf3 f6 20. Rh3 Rf7 21. g6 Rg7 22. exf5 hxg6 23. Kf2 Nf8 24. Rg1 Kf7 25. Qh8 exf4 26. Bd4 Qc6 27. Qh6 a5 28. Qxf4 b4 29. Ne2 Qd5 30. Re3 g5 31. Qg4 Rh7 32. Qg3 Rc8 33. Ke1 Rh4 34. Rxe7+ Kxe7 35. Bxf6+ Kd7 36. Bxg5 Rh7 37. f6 Re8 38. Qg4+ Qe6 39. Qxe6+ Nxe6 40. Be3 Rxh2 41. axb4 axb4 42. d4 Bf3 43. Bf2 Bxe2 44. d5 Bc4 45. f7 Rf8 46. Rg8 Rxf7 47. dxe6+ Bxe6 48. Bd4 Kc6 49. Rb8 Bc4 0-1